Podnikové kombinácie podľa IFRS z hľadiska historického vývoja diplomová práca

Saved in:
Bibliographic Details
Main Author: Bukšárová, Monika
Corporate Author: Fakulta hospodárskej informatiky EU. Katedra účtovníctva a audítorstva
Other Authors: Hvoždarová, Jana
Format: Book
Language:Slovak
Published: Bratislava 2012
Tags: Add Tag
No Tags, Be the first to tag this record!

MARC

LEADER 00000nbm a2200000 4500
001 0154786
005 20161109102144.7
041 0 |a slo 
044 |a SK 
245 1 0 |a Podnikové kombinácie podľa IFRS z hľadiska historického vývoja  |b diplomová práca  |c Monika Bukšárová ; školiteľ: Janka Hvoždarová 
264 1 |a Bratislava  |c 2012 
300 |a 62 s. 
100 1 |a Bukšárová, Monika 
700 1 |a Hvoždarová, Jana 
710 2 |a Fakulta hospodárskej informatiky EU. Katedra účtovníctva a audítorstva